José Martí y el artista Norrman : (Record no. 78688)

MARC details
000 -LEADER
campo de control de longitud fija 00804nam a2200229 i 4500
001 - NÚMERO DE CONTROL
campo de control 78688
003 - IDENTIFICADOR DE NÚMERO DE CONTROL
campo de control ES-MaACL
005 - FECHA Y HORA DE LA ÚLTIMA TRANSACCIÓN
campo de control 20250928131700.0
007 - CAMPO FIJO DE DESCRIPCIÓN FÍSICA--INFORMACIÓN GENERAL
campo de control de longitud fija t|
008 - DATOS DE LONGITUD FIJA--INFORMACIÓN GENERAL
campo de control de longitud fija 041015s1958 sp ||||1| spa d
080 ## - NÚMERO DE LA CLASIFICACIÓN DECIMAL UNIVERSAL
Número de la Clasificación Decimal Universal 929 Norrman, Herman
100 1# - ENTRADA PRINCIPAL--NOMBRE DE PERSONA
Nombre de persona Hedberg, Nils.
9 (RLIN) 62291
245 10 - MENCIÓN DEL TÍTULO
Título José Martí y el artista Norrman :
Resto del título comentarios sobre un retrato /
Mención de responsabilidad, etc. por Nils Hedberg.
260 ## - PUBLICACIÓN, DISTRIBUCIÓN, ETC.
Lugar de publicación, distribución, etc. Madrid :
Nombre del editor, distribuidor, etc. Ínsula,
Fecha de publicación, distribución, etc. 1958 (
Fabricante S. Aguirre Torre)
300 ## - DESCRIPCIÓN FÍSICA
Extensión 121 p., 1 lám. ;
Dimensiones 21 cm.
594 ## - Nota al título y mención de responsabilidad
Nota al título y mención de responsabilidad Precede al tít.: Instituto Ibero-Americano Gotemburgo Suecia.
600 14 - PUNTO DE ACCESO ADICIONAL DE MATERIA--NOMBRE DE PERSONA
Nombre de persona Martí, José,
Fechas asociadas al nombre 1853-1895-
Subdivisión general Retratos
9 (RLIN) 173016
600 14 - PUNTO DE ACCESO ADICIONAL DE MATERIA--NOMBRE DE PERSONA
Nombre de persona Norrman, Herman,
Fechas asociadas al nombre 1864-1906
9 (RLIN) 173015
710 2# - ENTRADA AGREGADA--NOMBRE DE ENTIDAD CORPORATIVA
Nombre de entidad corporativa o nombre de jurisdicción como elemento de entrada Instituto Ibero-Americano (Göteborg)
9 (RLIN) 5089
852 ## - LOCALIZACIÓN
Ubicación ES-MaACL
Número de control de estantería C-17236
Holdings
Estatus retirado Estado de pérdida Estado de daño No para préstamo Biblioteca de origen Biblioteca actual Ubicación en estantería Fecha de adquisición Fuente de adquisición Total de préstamos Signatura topográfica completa Código de barras Visto por última vez Precio de reemplazo Tipo de ítem Koha
        Biblioteca del Ateneo de Madrid Biblioteca del Ateneo de Madrid Galería 17/01/2008     C-17236 1082299 23/02/2023 23/02/2023 Libro impreso